Study of factors infuencing the financial performance of Dakshina Kannada co-operative milk producers union ltd (DKMUL) / (Record no. 231203)
[ view plain ]
| 000 -LEADER | |
|---|---|
| fixed length control field | 00652nam a22001697a 4500 |
| 003 - CONTROL NUMBER IDENTIFIER | |
| control field | OSt |
| 005 - DATE AND TIME OF LATEST TRANSACTION | |
| control field | 20260227154942.0 |
| 008 - FIXED-LENGTH DATA ELEMENTS--GENERAL INFORMATION | |
| fixed length control field | 240618b ||||| |||| 00| 0 eng d |
| 040 ## - CATALOGING SOURCE | |
| Transcribing agency | AIMIT LIBRARY |
| 100 ## - MAIN ENTRY--PERSONAL NAME | |
| Personal name | Bhoomika, MS. |
| Relator term | 2116038 |
| 9 (RLIN) | 171079 |
| 245 ## - TITLE STATEMENT | |
| Title | Study of factors infuencing the financial performance of Dakshina Kannada co-operative milk producers union ltd (DKMUL) / |
| Statement of responsibility, etc. | By MS Bhoomika ; Guided by Sumitha Achar. |
| 260 ## - PUBLICATION, DISTRIBUTION, ETC. | |
| Place of publication, distribution, etc. | Mangalore |
| Date of publication, distribution, etc. | 2023 |
| 650 ## - SUBJECT ADDED ENTRY--TOPICAL TERM | |
| Topical term or geographic name entry element | Literature mapping |
| 9 (RLIN) | 171080 |
| 700 ## - ADDED ENTRY--PERSONAL NAME | |
| Personal name | Achare, Sumitha. |
| Fuller form of name | Guide |
| 9 (RLIN) | 171081 |
| 856 ## - ELECTRONIC LOCATION AND ACCESS | |
| Materials specified | Dakshina Kannada Co-operative Milk Producers Union Limited |
| Link text | www.dkmul.com |
| 942 ## - ADDED ENTRY ELEMENTS (KOHA) | |
| Source of classification or shelving scheme | Dewey Decimal Classification |
| Koha item type | Project Report |
| Withdrawn status | Lost status | Source of classification or shelving scheme | Damaged status | Not for loan | Collection code | Home library | Current library | Shelving location | Date acquired | Total Checkouts | Barcode | Date last seen | Copy number | Uniform Resource Identifier | Price effective from | Koha item type |
|---|---|---|---|---|---|---|---|---|---|---|---|---|---|---|---|---|
| Dewey Decimal Classification | Not for loan | Project Report MBA | St Aloysius Institute of Management & Information Technology | St Aloysius Institute of Management & Information Technology | Dissertations | 06/18/2024 | PRB02048 | 06/18/2024 | 2116038 | www.dkmul.com | 06/18/2024 | Project Report |